[Event "Cup Russia"]
[Site "Serpukhov RUS"]
[Date "2007.11.08"]
[Round "2.4"]
[White "Tomashevsky,E"]
[Black "Azarov,S"]
[Result "1-0"]
[WhiteElo "2646"]
[BlackElo "2586"]

1.c4 e6 2.Nf3 Nf6 3.g3 d5 4.Bg2 Be7 5.O-O O-O 6.b3 b6 7.Bb2 Bb7 8.e3 Nbd7
9.Qe2 a6 10.d3 c5 11.Nbd2 Qc7 12.e4 dxe4 13.dxe4 e5 14.Nh4 Rfe8 15.Nf5 Nf8
16.f4 exf4 17.gxf4 Ne6 18.e5 Nd7 19.Bd5 Bf8 20.Qg2 Bxd5 21.cxd5 Nd4 22.Bxd4 cxd4
23.Nh6+ Kh8 24.Nxf7+ Kg8 25.Ng5 d3 26.d6 Qc5+ 27.Kh1 Rac8 28.Rac1 Qd4 29.Rxc8 Nb8  1-0

[Event "IX EICC"]
[Site "Plovdiv BUL"]
[Date "2008.04.24"]
[Round "4"]
[White "Kourousis,E"]
[Black "Tomashevsky,E"]
[Result "0-1"]
[WhiteElo "2191"]
[BlackElo "2658"]

1.d4 Nf6 2.c4 e6 3.Nf3 b6 4.g3 Ba6 5.Qc2 Bb4+ 6.Bd2 Be7 7.e4 d5 8.cxd5 Bxf1
9.Kxf1 exd5 10.e5 Ne4 11.Nc3 Nxc3 12.bxc3 Qd7 13.Kg2 Nc6 14.c4 Nd8 15.e6 fxe6
16.Ne5 Qd6 17.Qa4+ c6 18.c5 bxc5 19.Bf4 O-O 20.dxc5 Qxc5 21.Nd7 Rxf4 22.Qxf4 Qd6
23.Qxd6 Bxd6 24.Rhc1 Kf7 25.f4 Ke7 26.Ne5 c5 27.Rab1 Bxe5 28.fxe5 Rc8 29.Kf3 Rc7
30.Ke2 Nf7 31.Rb8 Nxe5 32.a4 Nc6  0-1

[Event "IX EICC"]
[Site "Plovdiv BUL"]
[Date "2008.04.27"]
[Round "7"]
[White "Tomashevsky,E"]
[Black "Bojkov,D"]
[Result "1-0"]
[WhiteElo "2658"]
[BlackElo "2492"]

1.Nf3 Nf6 2.c4 g6 3.Nc3 Bg7 4.e4 d6 5.d4 O-O 6.h3 e5 7.d5 a5 8.Bg5 Qe8 9.Be2 Na6
10.Nd2 c6 11.g4 Bd7 12.Be3 h6 13.Nf1 cxd5 14.cxd5 b5 15.Ng3 b4 16.Nb1 Bb5
17.Nd2 Rc8 18.Bxb5 Qxb5 19.Qe2 Nc7 20.Rc1 Qxe2+ 21.Kxe2 Nb5 22.Nc4 Nd7 23.Nb6 Nxb6
24.Bxb6 Bf6 25.Kd3 Rb8 26.Rc6 Bd8 27.Be3 Kg7 28.Rhc1 Bh4 29.Ra6 Bxg3 30.fxg3 f5
31.gxf5 gxf5 32.Rxa5 f4 33.gxf4 exf4 34.Bf2 Kf6 35.Rc4 Rg8 36.Rxb4 Rg3+ 37.Bxg3 fxg3
38.Ke2  1-0

[Event "IX EICC"]
[Site "Plovdiv BUL"]
[Date "2008.05.01"]
[Round "10"]
[White "Tomashevsky,E"]
[Black "Shomoev,A"]
[Result "1/2-1/2"]
[WhiteElo "2658"]
[BlackElo "2559"]

1.c4 g6 2.Nc3 Bg7 3.g3 Nf6 4.Bg2 O-O 5.e4 c5 6.Nge2 Nc6 7.O-O Ne8 8.a3 Nc7
9.b4 Nxb4 10.axb4 cxb4 11.d4 bxc3 12.Nxc3 d6 13.Bg5 Bd7 14.Qd2 Rc8 15.Be3 b5
16.cxb5 Nxb5 17.Nxb5 Bxb5 18.Rfb1 a6 19.Bf1 Qd7 20.Bxb5 axb5 21.Ra5 Rb8 22.Qd3 b4  1/2-1/2

[Event "5th CHN-RUS"]
[Site "Ningpo CHN"]
[Date "2008.09.20"]
[Round "3"]
[White "Tomashevsky,E"]
[Black "Wang Hao"]
[Result "1/2-1/2"]
[WhiteElo "2646"]
[BlackElo "2691"]

1.d4 Nf6 2.c4 e6 3.Nc3 Bb4 4.e3 O-O 5.Ne2 d5 6.a3 Be7 7.cxd5 exd5 8.g3 Re8
9.Bg2 a5 10.O-O Na6 11.Bd2 c6 12.Qc2 Nc7 13.Kh1 Ne6 14.Rab1 Bf8 15.b4 axb4
16.axb4 g6 17.f3 b6 18.Rfd1 h5 19.Bc1 Bg7 20.Qd2 Bb7 21.Qe1 Qe7 22.e4 dxe4
23.fxe4 Rad8 24.h3 Ba6 25.e5 Nd5 26.Nxd5 cxd5 27.b5 Bb7 28.Nf4 Nxf4 29.Bxf4 Rc8
30.Qf2 Rc4 31.Rf1 Rec8 32.Rb2 Qe6 33.Bg5 Rc3 34.Kh2 R8c7 35.Qd2 Kh7 36.Rf2 Bc8
37.Qf4 Kg8 38.Bf6 Bf8 39.Qh4 R7c4 40.Rbd2 Bh6 41.g4 Bxd2 42.Rxd2 Rc2 43.Rxc2 Rxc2
44.gxh5 Qf5 45.hxg6 Rxg2+ 46.Kxg2 Qxg6+ 47.Qg3  1/2-1/2

[Event "24th ECC"]
[Site "Kallithea GRE"]
[Date "2008.10.17"]
[Round "1"]
[White "Tomashevsky,E"]
[Black "Ansell,S"]
[Result "1-0"]
[WhiteElo "2646"]
[BlackElo "2410"]

1.Nf3 Nf6 2.c4 c6 3.Nc3 d5 4.e3 Bg4 5.cxd5 Bxf3 6.Qxf3 cxd5 7.Bb5+ Nc6 8.Bxc6+ bxc6
9.b3 e6 10.Bb2 Be7 11.O-O O-O 12.Na4 Nd7 13.Rac1 Rc8 14.Rc2 Qa5 15.Rfc1 Qa6
16.Qd1 Rfe8 17.Qf1 Qb7 18.h3 Bf8 19.d3 g6 20.Qe2 e5 21.e4 Bh6 22.Rf1 Re6
23.Bc1 Bf8 24.Bg5 Ba3 25.Be3 Rd8 26.Qf3 dxe4 27.dxe4 Rd6 28.Rd1 Nf8 29.Rxd6 Bxd6
30.Nc5 Bxc5 31.Rxc5 Nd7 32.Rc1 Re8 33.Qe2 Nb6 34.Qc2 Re6 35.Qc5 Kg7 36.Rd1 Qe7
37.Qxe7 Rxe7 38.Rd6 Re6 39.Rd8 Re7 40.Bc5 Rb7 41.Bf8+ Kf6 42.Rd6+ Kg5 43.Rxc6 Nd7
44.Ba3 f5 45.Bc1+ f4 46.g3  1-0

[Event "Russia Cup Final"]
[Site "Serpuhov RUS"]
[Date "2008.11.08"]
[Round "2.4"]
[White "Tomashevsky,E"]
[Black "Khairullin,I"]
[Result "1/2-1/2"]
[WhiteElo "2646"]
[BlackElo "2575"]

1.c4 Nf6 2.Nc3 e6 3.e4 c5 4.e5 Ng8 5.Nf3 Nc6 6.d4 cxd4 7.Nxd4 Nxe5 8.Ndb5 a6
9.Nd6+ Bxd6 10.Qxd6 f6 11.Be3 Ne7 12.Bb6 Nf5 13.Qc5 d6 14.O-O-O Qe7 15.Qb4 Nc6
16.Qa3 O-O 17.f4 e5 18.c5 Be6 19.cxd6 Qf7 20.Bd3 Nfd4 21.fxe5 Nb5 22.Qc5 Nxe5
23.Bxb5 axb5 24.a3 Qg6 25.Qxb5 Bc4 26.Qb4 Nd3+ 27.Rxd3 Bxd3 28.Rd1 Bf5 29.Nd5 Kh8
30.Rd2 Qf7 31.b3 Rac8+ 32.Bc7 Qe6 33.Nc3 Qe1+ 34.Rd1 Qf2 35.Rd2 Qe1+ 36.Rd1 Qf2  1/2-1/2

[Event "10th EICC"]
[Site "Budva MNE"]
[Date "2009.03.14"]
[Round "8"]
[White "Tomashevsky,E"]
[Black "Shomoev,A"]
[Result "1-0"]
[WhiteElo "2664"]
[BlackElo "2567"]

1.c4 g6 2.e4 Bg7 3.d4 d6 4.Nc3 Nf6 5.f3 O-O 6.Be3 c5 7.Nge2 Nc6 8.d5 Ne5
9.Ng3 e6 10.Be2 exd5 11.cxd5 h5 12.O-O Nh7 13.Qd2 h4 14.Nh1 f5 15.Nf2 Bd7
16.Kh1 a6 17.a4 Re8 18.Rg1 g5 19.exf5 Bxf5 20.Rae1 Rc8 21.Nce4 Nf7 22.Bd3 Re5
23.Bc2 Qd7 24.g3 Kh8 25.gxh4 gxh4 26.Rxg7 Kxg7 27.Rg1+ Kh8 28.f4 Rxe4 29.Bxe4 Bxe4+
30.Nxe4 Qf5 31.Qc3+  1-0

[Event "10th EICC"]
[Site "Budva MNE"]
[Date "2009.03.17"]
[Round "11"]
[White "Grachev,B"]
[Black "Tomashevsky,E"]
[Result "1/2-1/2"]
[WhiteElo "2655"]
[BlackElo "2664"]

1.d4 Nf6 2.c4 e6 3.Nf3 b6 4.g3 Bb7 5.Bg2 Be7 6.O-O O-O 7.Nc3 Ne4 8.Bd2 d5
9.cxd5 exd5 10.Rc1 Nd7 11.Bf4 c5 12.Nxe4 dxe4 13.Nd2 f5 14.Nc4 Nf6 15.dxc5 Bxc5
16.Bd6 Bxd6 17.Nxd6 Qd7 18.Nxb7 Qxb7 19.Qb3+ Qd5 20.Qxd5+ Nxd5 21.Rfd1 Rad8
22.f3 Ne3 23.Rxd8 Rxd8 24.fxe4 Nxg2 25.Kxg2 Rd2 26.exf5 Rxe2+ 27.Kh3 Rxb2
28.Rc8+ Kf7 29.Rc7+ Kf6 30.Rxa7 h5 31.a3 Ra2 32.Rb7 Rb2 33.Rc7 Ra2 34.Ra7 Rb2
35.Rb7 Ra2 36.Rxb6+ Kxf5 37.Rb5+ Kg6 38.Ra5 Kh6 39.Ra6+ Kh7 40.Ra5  1/2-1/2

[Event "10th EICC Playoff"]
[Site "Budva MNE"]
[Date "2009.03.18"]
[Round "2.1"]
[White "Tomashevsky,E"]
[Black "Navara,D"]
[Result "1/2-1/2"]
[WhiteElo "2664"]
[BlackElo "2638"]

1.c4 e5 2.Nc3 Nf6 3.Nf3 Nc6 4.g3 d5 5.cxd5 Nxd5 6.Bg2 Nb6 7.O-O Be7 8.a3 O-O
9.b4 Be6 10.Rb1 f6 11.d3 Nd4 12.Nd2 c6 13.Nde4 Rf7 14.Bb2 a5 15.Nc5 axb4
16.axb4 Bg4 17.Re1 Qc8 18.Qd2 Nd7 19.N3e4 Ra2 20.Nc3 Ra8 21.N3e4 Nxc5 22.Nxc5 Bxc5
23.bxc5 Ra2 24.f3 Bh3 25.Qc3 Bxg2 26.Kxg2 Qe6 27.Ra1 Rf8 28.Rxa2 Qxa2 29.e3 Ne6
30.d4 exd4 31.exd4 Nc7 32.Ra1 Qf7 33.Bc1 Re8 34.Qd3 Qd5 35.Be3 Ne6 36.Qc3 h5
37.Rb1 Nxc5 38.dxc5 Qa2+ 39.Qb2 Qxb2+ 40.Rxb2 Rxe3 41.Rxb7 Rc3 42.h4 Rxc5
43.g4 Kh7 44.Kg3 Kh6 45.Rc7 hxg4 46.fxg4 Rc3+ 47.Kf4 Rc4+ 48.Kg3 c5 49.Rc6 Kg6
50.g5 Kf5 51.gxf6 Rc3+ 52.Kf2 gxf6 53.h5 c4 54.h6 Ke5  1/2-1/2

[Event "10th EICC Playoff"]
[Site "Budva MNE"]
[Date "2009.03.18"]
[Round "2.2"]
[White "Navara,D"]
[Black "Tomashevsky,E"]
[Result "0-1"]
[WhiteElo "2638"]
[BlackElo "2664"]

1.e4 e5 2.Nf3 Nc6 3.Bc4 Nf6 4.Ng5 d5 5.exd5 Na5 6.Bb5+ c6 7.dxc6 bxc6 8.Bd3 Be7
9.O-O h6 10.Ne4 Nd5 11.Ng3 g6 12.Re1 Qc7 13.a3 O-O 14.b4 Nb7 15.Bb2 Bf6 16.Nc3 Bg7
17.Ba6 f5 18.Nf1 Nf4 19.Ne2 Ne6 20.d3 Nd6 21.Bxc8 Raxc8 22.Nd2 Rfe8 23.c4 Rcd8
24.Qc2 Nf7 25.Rad1 Rd7 26.Nb3 Qd8 27.Na5 Qc7 28.Qa4 Rc8 29.c5 Kh7 30.Kh1 h5
31.Qb3 Nxc5 32.Qc2 Ne6 33.Ng1 c5 34.Qb3 Nd4 35.Bxd4 cxd4 36.Nc4 e4 37.Rc1 Qf4
38.Nh3 Qh6 39.dxe4 Rdc7 40.f4 fxe4 41.Rxe4 Bf6 42.Re6 Kg7 43.Qd3 Ne5 44.Rxe5 Bxe5
45.Ng5 Kh8 46.Rf1 Bf6 47.Nd6 Rf8 48.Ne6 Rc3 49.Qa6 Be5 50.fxe5 Rxf1+ 51.Qxf1 Qc1
52.Kg1 Qe3+ 53.Kh1 Rc1 54.Nf7+ Kg8  0-1

[Event "10th EICC Playoff"]
[Site "Budva MNE"]
[Date "2009.03.18"]
[Round "3.2"]
[White "Tomashevsky,E"]
[Black "Jobava,Ba"]
[Result "1-0"]
[WhiteElo "2664"]
[BlackElo "2669"]

1.d4 d5 2.c4 e6 3.Nc3 Bb4 4.a3 Bxc3+ 5.bxc3 Ne7 6.cxd5 exd5 7.e3 O-O 8.Ne2 c5
9.Ng3 b6 10.Ra2 Re8 11.Bb5 Nec6 12.O-O Ba6 13.a4 Qd7 14.dxc5 bxc5 15.Ba3 c4
16.Rd2 Rd8 17.e4 d4 18.Rxd4 Qc8 19.Rxd8+ Qxd8 20.Nf5 Qf6 21.Ne7+ Kh8 22.Nxc6 Nxc6
23.Bxa6 Rd8 24.Qf3  1-0

[Event "37th Greek Teams"]
[Site "Kallithea GRE"]
[Date "2009.07.05"]
[Round "4"]
[White "Tomashevsky,E"]
[Black "Tiviakov,S"]
[Result "1/2-1/2"]
[WhiteElo "2689"]
[BlackElo "2674"]

1.Nf3 Nf6 2.c4 b6 3.g3 Bb7 4.Bg2 e6 5.O-O Be7 6.Nc3 O-O 7.Re1 Ne4 8.Qc2 Nxc3
9.dxc3 Nc6 10.b4 d6 11.a4 Bf6 12.Be3 a5 13.Rab1 Qc8 14.c5 bxc5 15.bxc5 h6
16.Bf4 Rd8  1/2-1/2

[Event "37th Greek Teams"]
[Site "Kallithea GRE"]
[Date "2009.07.08"]
[Round "8"]
[White "Tomashevsky,E"]
[Black "Kempinski,R"]
[Result "1/2-1/2"]
[WhiteElo "2689"]
[BlackElo "2601"]

1.c4 Nf6 2.Nc3 g6 3.e4 d6 4.d4 Bg7 5.f3 O-O 6.Be3 c5 7.Nge2 Qa5 8.Nc1 cxd4
9.Nb3 Qh5 10.Nxd4 Nc6 11.Qd2 Nxd4 12.Bxd4 Be6 13.Be2 Qa5 14.b3 Rfc8 15.Rd1 a6
16.Na4 Qxd2+ 17.Kxd2 Bh6+ 18.Be3 Bxe3+ 19.Kxe3 Nd7 20.Rc1 Rc6 21.f4 Rac8
22.Kd2 Nc5 23.Nxc5 dxc5 24.e5 Rd8+ 25.Kc3 Kf8 26.Rhd1 Ke8 27.Rxd8+ Kxd8 28.Rd1+ Kc8
29.Bf3 Rc7 30.Bd5 Rd7 31.Bxe6 fxe6 32.Rxd7 Kxd7 33.Kd3 b6 34.Ke4 Ke8 35.g3 Kf8
36.g4 Kf7 37.h3 Kg7 38.Kf3 Kf7 39.Kg3 Kg7 40.Kh4 Kh6 41.a3 a5 42.Kg3 Kg7
43.Kf3 Kf8 44.Ke4 Kf7 45.h4 Kg7 46.f5 exf5+ 47.gxf5 gxf5+ 48.Kxf5 Kf7 49.e6+ Kg7
50.Kg5 Kg8 51.h5 Kg7 52.Kf5 Kh6 53.Kg4 Kg7 54.Kg5 Kf8 55.Kf5 Kg7 56.Ke4  1/2-1/2

[Event "RUS-CHN Match Blitz"]
[Site "Sochi RUS"]
[Date "2009.08.23"]
[Round "5"]
[White "Zhou Jianchao"]
[Black "Tomashevsky,E"]
[Result "1-0"]
[WhiteElo "2623"]
[BlackElo "2689"]

1.Nf3 d6 2.d4 Bg4 3.c4 Nd7 4.g3 Bxf3 5.exf3 g6 6.Bg2 Bg7 7.f4 c6 8.O-O Ngf6
9.Nc3 O-O 10.Be3 Nb6 11.b3 d5 12.c5 Nc8 13.b4 a6 14.h3 e6 15.Qb3 h5 16.a4 Ne7
17.Rad1 Nf5 18.Ne2 b5 19.Ra1 Ne4 20.Ra2 Nf6 21.Rfa1 Rc8 22.axb5 axb5 23.Ra7 Nh7
24.R7a6 g5 25.fxg5 Nxg5 26.h4 Ne4 27.Qd3 Nxe3 28.Qxe3 f5 29.f3 Nxg3 30.Nxg3 Qxh4
31.f4 Rf6 32.Kf2 Rg6 33.Rh1 Qf6  1-0

[Event "ch-RUS HL"]
[Site "Ulan Ude RUS"]
[Date "2009.09.02"]
[Round "1"]
[White "Yudin,S"]
[Black "Tomashevsky,E"]
[Result "1/2-1/2"]
[WhiteElo "2599"]
[BlackElo "2688"]

1.e4 e5 2.Nf3 Nc6 3.Bc4 Nf6 4.d3 Bc5 5.Bb3 d6 6.c3 Bb6 7.Nbd2 Ne7 8.h3 Ng6
9.Nf1 Be6 10.Ng3 O-O 11.O-O Re8 12.Nh2 Bxb3 13.axb3 Qd7 14.Bg5 Qe6 15.Qf3 Nd7
16.b4 Rab8 17.Nf5 f6 18.Be3 Ne7 19.Nxe7+ Rxe7 20.Bxb6 axb6 21.Ng4 b5 22.Ne3 Nb6
23.Rfd1 Ree8 24.Qg4 Qxg4 25.hxg4 Ra8 26.b3 Kf7 27.Kf1 Nd7 28.Nd5 c6 29.Ne3 g6
30.Ke2 Nf8 31.g3 Ne6 32.Rh1 Kg7 33.Rhd1 Kf7 34.Rh1 Kg7 35.Rhd1 Kf7  1/2-1/2

[Event "ch-RUS HL"]
[Site "Ulan Ude RUS"]
[Date "2009.09.03"]
[Round "2"]
[White "Tomashevsky,E"]
[Black "Zabotin,A"]
[Result "1-0"]
[WhiteElo "2688"]
[BlackElo "2512"]

1.c4 Nf6 2.Nc3 d5 3.cxd5 Nxd5 4.g3 g6 5.Bg2 Nb6 6.d3 Bg7 7.Be3 O-O 8.Qd2 Nc6
9.Bxc6 bxc6 10.Bh6 c5 11.Bxg7 Kxg7 12.Nf3 Bb7 13.Qe3 Bxf3 14.Qxf3 Qd4 15.O-O c4
16.Rfd1 cxd3 17.Qxd3 Qxd3 18.Rxd3 Rfd8 19.Rad1 Rxd3 20.Rxd3 c5 21.f3 Rb8
22.Kf2 a5 23.Rd1 e6 24.Rc1 c4 25.Rc2 Kf6 26.Ne4+ Ke7 27.Nd2 h6 28.f4 e5 29.fxe5 Ke6
30.Nf3 Kd5 31.b3 cxb3 32.axb3 Nd7 33.Rd2+ Ke6 34.Nd4+ Kd5 35.Nf3+ Ke6 36.Nd4+ Kd5
37.e4+ Kxe4 38.Nc6 Rb6 39.e6 fxe6 40.Rd4+ Kf5 41.Ne7+ Kg5 42.h4+ Kh5 43.Rxd7 Rxb3
44.Nc6 Kg4 45.Ne5+ Kh3 46.Rd1 Rb2+ 47.Kf3 Rb3+ 48.Nd3 Kh2 49.Kg4 h5+ 50.Kf4 a4
51.Rd2+ Kg1 52.Ne5 Rb4+ 53.Kg5 Re4 54.Nxg6 Rg4+ 55.Kxh5 Rxg3 56.Ra2 a3 57.Nf4 Re3
58.Kg4 Re4 59.Kg5 Re5+ 60.Kg6 Re3 61.h5 e5 62.Ne6  1-0

[Event "ch-RUS HL"]
[Site "Ulan Ude RUS"]
[Date "2009.09.04"]
[Round "3"]
[White "Zvjaginsev,V"]
[Black "Tomashevsky,E"]
[Result "1/2-1/2"]
[WhiteElo "2635"]
[BlackElo "2688"]

1.e4 e5 2.f4 d5 3.exd5 exf4 4.Nf3 Nf6 5.Bc4 Nxd5 6.O-O Be7 7.Nc3 Nxc3 8.bxc3 O-O
9.d4 Bd6 10.Nd2 Bf5 11.Bb3 Nd7 12.Nc4 Nb6 13.Bxf4 Bxf4 14.Rxf4 Be6 15.Ne3 Bxb3
16.axb3 Nd5 17.Nxd5 Qxd5 18.c4 Qd7 19.Qf3 b6 20.h3 a5 21.c5 Rae8 22.cxb6 cxb6
23.c4 f5 24.Rf1 g6 25.c5 Rc8 26.cxb6 Rb8 27.g4 Rxb6 28.gxf5 gxf5 29.Rxf5 Rxf5
30.Qxf5 Qxf5 31.Rxf5 Rxb3 32.Rxa5 Rxh3 33.Kg2 Rd3 34.Ra8+ Kf7 35.Ra7+ Ke6
36.Rxh7 Rxd4  1/2-1/2

[Event "ch-RUS HL"]
[Site "Ulan Ude RUS"]
[Date "2009.09.05"]
[Round "4"]
[White "Tomashevsky,E"]
[Black "Volkov,Sergey1"]
[Result "1-0"]
[WhiteElo "2688"]
[BlackElo "2616"]

1.c4 e5 2.Nc3 Bb4 3.Nd5 Bc5 4.Nf3 c6 5.Nc3 d6 6.e3 Qe7 7.d4 exd4 8.Nxd4 Nf6
9.Be2 O-O 10.O-O Nbd7 11.b3 Ne5 12.Bb2 a6 13.Qc2 Bd7 14.Rad1 b5 15.Nf5 Qe6
16.Ng3 bxc4 17.Nce4 Nxe4 18.Nxe4 Qg6 19.Bxe5 Bf5 20.Bf3 d5 21.Qc3 dxe4 22.Be2 a5
23.Qxc4 Bb4 24.Rc1 Rfe8 25.Bg3 Re6 26.Rfd1 h5 27.h4 Bg4 28.Rd7 Be7 29.Rcd1 a4
30.bxa4 Bxe2 31.Qxe2 Qg4 32.Qxg4 hxg4 33.Rb1 Rxa4 34.Rb8+ Kh7 35.Re8 Bf6
36.Rxe6 fxe6 37.Rd6 Rc4 38.Rxe6 Kg6 39.Kh2 Kf7 40.Rd6 Ke7 41.a4 c5 42.a5 Ra4
43.a6 c4 44.Rc6 c3 45.h5 Ra5 46.Bf4 Bh4 47.Bg3 Bf6 48.Bc7 Kd7 49.Rxc3 Rxa6
50.Rc4 Ra8 51.Bf4 Rh8 52.Kg3 Rxh5 53.Rxe4 Ra5 54.Kxg4 Rb5 55.Kf3 Ra5 56.g4 Rb5
57.Bg3 Ra5 58.Kg2 g5 59.f4 gxf4 60.exf4 Rb5 61.Kf3 Ra5 62.Bf2 Be7 63.Bd4 Rb5
64.Be3 Ke8 65.g5 Kf8 66.Kg4 Rb1 67.f5 Bd6 68.g6 Kg7 69.Bd4+ Kh6 70.g7  1-0

[Event "ch-RUS HL"]
[Site "Ulan Ude RUS"]
[Date "2009.09.06"]
[Round "5"]
[White "Potkin,V"]
[Black "Tomashevsky,E"]
[Result "1/2-1/2"]
[WhiteElo "2606"]
[BlackElo "2688"]

1.d4 Nf6 2.c4 e6 3.Nf3 b6 4.g3 Bb7 5.Bg2 Be7 6.O-O O-O 7.Nc3 Ne4 8.Bd2 d5
9.cxd5 exd5 10.Bf4 Nd7 11.Qb3 Ndf6 12.Rac1 c5 13.dxc5 Bxc5 14.Ne5 Qe7 15.Nd3 d4
16.Nxe4 Bxe4 17.Rfe1 Bxg2 18.Kxg2 Ne4 19.Rc2 Rad8 20.f3 Ng5 21.Bxg5 Qxg5
22.Qb5 Rd5 23.Nxc5 Rxc5 24.Qd3 Rxc2 25.Qxc2 Qa5 26.Rd1 Qxa2 27.Rxd4 Qe6 28.Qe4  1/2-1/2

[Event "ch-RUS HL"]
[Site "Ulan Ude RUS"]
[Date "2009.09.10"]
[Round "8"]
[White "Vitiugov,N"]
[Black "Tomashevsky,E"]
[Result "1/2-1/2"]
[WhiteElo "2681"]
[BlackElo "2688"]

1.d4 Nf6 2.c4 e6 3.Nc3 Bb4 4.Qc2 O-O 5.a3 Bxc3+ 6.Qxc3 d6 7.f3 c5 8.dxc5 dxc5
9.Bf4 Qe7 10.O-O-O Rd8 11.Rxd8+ Qxd8 12.e3 Nc6 13.Bd3 Nh5 14.Ne2 Nxf4 15.Nxf4 Qa5
16.Qc2 h6 17.Rd1 Qc7 18.Be4 Bd7 19.Qc3 Be8 20.Nd3 b6 21.Ne5 Rd8 22.Bxc6 Rxd1+
23.Kxd1 Bxc6 24.Nxc6 Qxc6  1/2-1/2

[Event "ch-RUS HL"]
[Site "Ulan Ude RUS"]
[Date "2009.09.11"]
[Round "9"]
[White "Timofeev,Arty"]
[Black "Tomashevsky,E"]
[Result "0-1"]
[WhiteElo "2668"]
[BlackElo "2688"]

1.d4 Nf6 2.c4 e6 3.Nc3 Bb4 4.e3 O-O 5.Bd3 d5 6.Nf3 c5 7.O-O Nc6 8.a3 Bxc3
9.bxc3 Qc7 10.Bb2 dxc4 11.Bxc4 e5 12.h3 Bf5 13.Qe2 Rad8 14.Rac1 Rfe8 15.Rfd1 e4
16.Nd2 a6 17.Ba2 Be6 18.Bb1 cxd4 19.exd4 Bf5 20.Re1 Bg6 21.Nb3 a5 22.a4 Nd5
23.c4 Nf4 24.Qe3 Nb4 25.Rc3 f6 26.Ba3 Nbd3 27.Rf1 Nd5 28.Qd2 Nxc3 29.Qxc3 Nf4
30.Re1 e3 31.fxe3 Nxh3+  0-1

[Event "ch-RUS HL"]
[Site "Ulan Ude RUS"]
[Date "2009.09.13"]
[Round "11"]
[White "Tomashevsky,E"]
[Black "Khismatullin,D"]
[Result "1/2-1/2"]
[WhiteElo "2688"]
[BlackElo "2614"]

1.d4 Nf6 2.c4 e6 3.Nf3 d5 4.Nc3 Be7 5.Bg5 O-O 6.e3 h6 7.Bh4 Ne4 8.Bxe7 Qxe7
9.Rc1 c6 10.Qc2 Nxc3 11.Qxc3 Nd7 12.Bd3 dxc4 13.Bxc4 b6 14.O-O Bb7 15.Rfd1 c5
16.Be2 Rfc8 17.Qa3 Kf8 18.Qd3 Kg8 19.Qa3 Kf8 20.Qd3 Kg8 21.Qa3  1/2-1/2

[Event "17th TCh-Eur"]
[Site "Novi Sad SRB"]
[Date "2009.10.23"]
[Round "2"]
[White "Pancevski,F"]
[Black "Tomashevsky,E"]
[Result "0-1"]
[WhiteElo "2432"]
[BlackElo "2688"]

1.e4 e5 2.Nf3 Nc6 3.Bb5 a6 4.Bxc6 dxc6 5.O-O Qd6 6.Na3 Be6 7.Qe2 f6 8.Rd1 Bg4
9.Nc4 Qe6 10.b3 Bc5 11.Ne3 Nh6 12.Bb2 Bh5 13.h3 O-O 14.Re1 Rad8 15.Rad1 Kh8
16.Qc4 Qxc4 17.Nxc4 Bxf3 18.gxf3 Nf7 19.h4 Rd7 20.Ne3 Nd8 21.Ng2 Ne6 22.Re2 h5
23.Kh2 Rg8 24.d3 Kh7 25.c3 Rgd8 26.Red2 g6 27.Ne3 Kg7 28.Ng2 Kf7 29.Ne3 Nf4
30.d4 Ne6 31.Nc2 Bf8 32.Ne3 exd4 33.cxd4 Bb4 34.Re2 Nxd4 35.Bxd4 Rxd4 36.Rxd4 Rxd4
37.Nc2 Rd2 38.Rxd2 Bxd2 39.Kg3 g5  0-1

[Event "17th TCh-Eur"]
[Site "Novi Sad SRB"]
[Date "2009.10.25"]
[Round "4"]
[White "Ernst,S"]
[Black "Tomashevsky,E"]
[Result "0-1"]
[WhiteElo "2589"]
[BlackElo "2688"]

1.d4 Nf6 2.c4 e6 3.Nf3 b6 4.g3 Bb7 5.Bg2 Be7 6.O-O O-O 7.Re1 Na6 8.Ne5 d5
9.cxd5 exd5 10.Nc3 c5 11.Bf4 Ne4 12.dxc5 Nxc3 13.bxc3 Nxc5 14.Rc1 Re8 15.c4 dxc4
16.Bxb7 Nxb7 17.Rxc4 Bc5 18.Nd3 Na5 19.Rc2 Bf8 20.Bd2 Qd5 21.Nf4 Qf5 22.Bxa5 Qxa5
23.Nd5 Rac8 24.Rd2 Rc4 25.e3 Rec8 26.Qe2 Qa4 27.e4 Qc6 28.Kg2 b5 29.Qf3 b4
30.e5 a5 31.Nf4 Qxf3+ 32.Kxf3 a4 33.e6 fxe6 34.Nxe6 Be7 35.Rd7 Bf6 36.Rb7 Rc2
37.Re4 Bc3 38.Rg4 g6 39.Rh4 Re8 40.Nf4 b3 41.axb3 a3 42.Rhxh7 a2 43.Ra7 a1=Q
44.Rxa1 Kxh7 45.Ra7+ Bg7 46.h4 Rc6 47.Kg4 Re4 48.Rb7 Kg8 49.b4 Bh6 50.Kf3 Rd4
51.Rb8+ Kf7 52.Rb7+ Kf6 53.Nh3 Rdd6 54.g4 Bd2 55.g5+ Ke5 56.Kg4 Rc4+ 57.f4+ Bxf4  0-1

[Event "ch-RUS Higher League"]
[Site "Irkutsk RUS"]
[Date "2010.08.27"]
[Round "2"]
[White "Tomashevsky,E"]
[Black "Khairullin,I"]
[Result "1/2-1/2"]
[WhiteElo "2708"]
[BlackElo "2620"]

1.d4 Nf6 2.c4 e6 3.Nc3 Bb4 4.e3 O-O 5.Ne2 d5 6.a3 Be7 7.cxd5 exd5 8.g3 a5
9.Bg2 Na6 10.O-O c6 11.f3 c5 12.Nf4 Nc7 13.Na4 cxd4 14.exd4 Ne6 15.Re1 Re8
16.Nxe6 Bxe6 17.Bf1 Bd7 18.Be3 Bc6 19.Qb3 Nd7 20.Bf2 Bf6 21.Bh3 Rxe1+ 22.Rxe1 Nf8
23.Nc5 Qc7 24.Nd3 Nd7 25.Qc3 Qd6 26.Ne5 g6 27.b3 Nf8 28.a4 Bd7 29.Nxd7 Nxd7
30.Rc1 Bd8 31.Qd3 Bb6 32.Qb5 Nf8 33.Bc8 Rb8 34.Kg2 Ne6 35.Bxe6 Qxe6 36.Re1 Qc6
37.Re5 Qxb5 38.axb5 Kf8 39.Rxd5 Ke7 40.Re5+ Kd6 41.g4 Rc8 42.Bg3 Bxd4 43.Re2+ Kd5
44.Rd2 Rd8 45.Bc7 Rd7 46.Bb6 Ke5 47.Re2+ Kf6 48.Rd2 Ke5 49.Re2+ Kf6 50.Rd2  1/2-1/2

[Event "ch-RUS Higher League"]
[Site "Irkutsk RUS"]
[Date "2010.08.28"]
[Round "3"]
[White "Potkin,V"]
[Black "Tomashevsky,E"]
[Result "1/2-1/2"]
[WhiteElo "2626"]
[BlackElo "2708"]

1.d4 Nf6 2.c4 e6 3.Nf3 Bb4+ 4.Nbd2 O-O 5.a3 Be7 6.e4 d6 7.Be2 Nbd7 8.O-O e5
9.Qc2 exd4 10.Nxd4 Re8 11.b4 a5 12.Bb2 Bf8 13.Nf5 g6 14.Ne3 Bg7 15.Bc3 c6
16.Rad1 Qe7 17.Rfe1 axb4 18.axb4 Qf8 19.Bf1 b6 20.f3 Bb7 21.Qb2 Ra7 22.c5 dxc5
23.bxc5 bxc5 24.Ndc4 Ba6 25.Rd6 Bxc4 26.Nxc4 Nd5 27.Bxg7 Qxg7 28.Qxg7+ Kxg7
29.Rd1 N5b6 30.Nxb6 Nxb6 31.Rxc6 Nd7 32.Bc4 Rb8 33.Rd2 Rbb7 34.Kf2 Rc7 35.Rxc7 Rxc7
36.Ke3  1/2-1/2

[Event "ch-RUS Higher League"]
[Site "Irkutsk RUS"]
[Date "2010.08.31"]
[Round "6"]
[White "Tomashevsky,E"]
[Black "Galkin,A"]
[Result "1-0"]
[WhiteElo "2708"]
[BlackElo "2597"]

1.d4 d5 2.c4 e6 3.Nf3 c6 4.Nbd2 f5 5.g3 Nf6 6.Bg2 Bd6 7.O-O O-O 8.Ne5 Qe7
9.Ndf3 b6 10.Bf4 Ne4 11.cxd5 cxd5 12.h4 Bb7 13.Qa4 Qe8 14.Qxe8 Rxe8 15.Rfc1 Na6
16.Nd3 Rac8 17.Bxd6 Nxd6 18.Nf4 Rxc1+ 19.Rxc1 Rc8 20.Rb1 Nc7 21.Ng5 Re8 22.Rc1 Re7
23.e3 h6 24.Nf3 Nce8 25.Rc3 Bc8 26.Ne5 Rc7 27.Rxc7 Nxc7 28.h5 Kf8 29.Bf1 Ke8
30.Be2 Bd7 31.Kg2 Kd8 32.g4 Be8 33.gxf5 Nxf5 34.Bd3 Ke7 35.Kf3 Kf6 36.Kg4 Nb5
37.Nfg6 Nbd6 38.Kf4 Bxg6 39.Nxg6 Nf7 40.Ne5 N5d6 41.Nc6 a5 42.f3 Nh8 43.Ne5 Ke7
44.e4 Nb7 45.exd5 exd5 46.Ng4 Ke6 47.Ne3 Nd8 48.Bh7 Nhf7 49.Bg8 b5 50.Ng4 Kd6
51.Kf5 Ng5 52.Kg6 Nde6 53.Ne3 Nxd4 54.Kxg7 Nge6+ 55.Kxh6 Nxf3 56.Nf5+ Ke5
57.Bxe6 Kxe6 58.Kg6 Ne5+ 59.Kg5 b4 60.h6 Nf7+ 61.Kf4 d4 62.h7 Kd5 63.b3 Nh8
64.Nh4  1-0

[Event "ch-RUS Higher League"]
[Site "Irkutsk RUS"]
[Date "2010.09.04"]
[Round "9"]
[White "Belov,Vl"]
[Black "Tomashevsky,E"]
[Result "1/2-1/2"]
[WhiteElo "2625"]
[BlackElo "2708"]

1.d4 Nf6 2.c4 e6 3.g3 d5 4.Bg2 Bb4+ 5.Nd2 O-O 6.Nf3 dxc4 7.Qc2 Nc6 8.Qxc4 Qd5
9.O-O Bxd2 10.Qxd5 exd5 11.Bxd2 Re8 12.e3 Bf5 13.Rfc1 Be4 14.b4 Rec8 15.b5 Nd8
16.Ne5 Bxg2 17.Kxg2 Ne6 18.a4 a6 19.Rab1 axb5 20.Rxb5 Rxa4 21.Rxb7 Ra2 22.Be1 h5
23.h3 Rca8 24.Rcb1 g5 25.R1b2  1/2-1/2

[Event "ch-RUS Higher League"]
[Site "Irkutsk RUS"]
[Date "2010.09.05"]
[Round "10"]
[White "Tomashevsky,E"]
[Black "Timofeev,Arty"]
[Result "1-0"]
[WhiteElo "2708"]
[BlackElo "2690"]

1.Nf3 c5 2.c4 g6 3.d4 cxd4 4.Nxd4 Nc6 5.e4 Bg7 6.Be3 Nf6 7.Nc3 d6 8.Be2 O-O
9.O-O Bd7 10.Qd2 Nxd4 11.Bxd4 Bc6 12.f3 a5 13.b3 Nd7 14.Bf2 Be5 15.Rad1 Nc5
16.Nb5 Qb8 17.Qe3 a4 18.b4 Ne6 19.Bg3 Bxg3 20.hxg3 Bxb5 21.cxb5 Rc8 22.Rc1 Rxc1
23.Rxc1 Qd8 24.a3 Rc8 25.Rxc8 Qxc8 26.Bd1 Qc4 27.Bxa4 Nd4 28.b6 e5 29.Bd1 Kg7
30.Kh2 Qa6 31.f4 Qxb6 32.Bb3 Qc7 33.a4 Qc6 34.b5 Qc8 35.Bd5 Qc7 36.g4 b6
37.g5 Qc5 38.fxe5 dxe5 39.Qf2 Qe7 40.g4 f6 41.a5 f5 42.exf5 Qxg5 43.f6+ Kf8
44.axb6 Qxg4 45.b7 Qh5+ 46.Kg1 Qg5+ 47.Bg2 Qc1+ 48.Kh2 Qc7 49.Bd5 e4+ 50.Kg2  1-0

[Event "63rd ch-RUS"]
[Site "Moscow RUS"]
[Date "2010.12.13"]
[Round "3"]
[White "Tomashevsky,E"]
[Black "Zvjaginsev,V"]
[Result "1/2-1/2"]
[WhiteElo "2699"]
[BlackElo "2676"]

1.d4 Nf6 2.c4 e6 3.Nc3 Bb4 4.e3 O-O 5.Ne2 c6 6.a3 Ba5 7.b4 Bc7 8.e4 d5 9.e5 Ne8
10.Ng3 f6 11.f4 fxe5 12.fxe5 a5 13.Rb1 axb4 14.axb4 Qh4 15.Be3 Nd7 16.Qh5 Qxh5
17.Nxh5 Ra3 18.Bd2 Nxe5 19.dxe5 Bxe5 20.Rc1 Nd6 21.Ng3 dxc4 22.Be2 b5 23.Rf1 Nf5
24.Nce4 Bb2 25.Rc2 Be5 26.Rc1 Bb2 27.Rc2 Be5  1/2-1/2